Statystyki dla Stolice Państw Świata (PL) - World Capitals (PL)

Kliknij tutaj aby rozwiązać quiz!

Ogólne statystyki

  • Ten quiz został rozwiązany 3 379 razy
  • Średni wynik to 77 z 196

Statystyki odpowiedzi

PaństwoStolica% Poprawnych
PolskaWarszawa
86%
NiemcyBerlin
84%
HiszpaniaMadryt
83%
RosjaMoskwa
83%
FrancjaParyż
83%
CzechyPraga
83%
Wielka BrytaniaLondyn
81%
AustriaWiedeń
81%
GrecjaAteny
80%
NorwegiaOslo
80%
WłochyRzym
80%
HolandiaAmsterdam
79%
BelgiaBruksela
79%
UkrainaKijów
79%
PortugaliaLizbona
79%
BiałoruśMińsk
79%
WatykanWatykan
79%
IrlandiaDublin
78%
FinlandiaHelsinki
78%
DaniaKopenhaga
78%
Stany ZjednoczoneWaszyngton
77%
LitwaWilno
77%
MonakoMonako
76%
San MarinoSan Marino
76%
WęgryBudapeszt
75%
LuksemburgLuksemburg
75%
ŁotwaRyga
75%
SzwecjaSztokholm
75%
ChorwacjaZagrzeb
75%
RumuniaBukareszt
74%
ChinyPekin
74%
BułgariaSofia
74%
JaponiaTokio
74%
AndoraAndora
73%
SłowacjaBratysława
73%
EgiptKair
73%
MeksykMeksyk
71%
BrazyliaBrasilia
70%
ArgentynaBuenos Aires
69%
Szwajcaria (siedziba rządu)Berno
68%
Bośnia i HercegowinaSarajewo
68%
AlbaniaTirana
65%
TurcjaAnkara
64%
KanadaOttawa
64%
LiechtensteinVaduz
63%
SerbiaBelgrad
62%
AlgieriaAlgier
61%
MołdawiaKiszyniów
60%
MacedoniaSkopje
60%
SłoweniaLublana
59%
Korea PołudniowaSeul
59%
AzerbejdżanBaku
58%
AustraliaCanberra
58%
CyprNikozja
58%
IzraelJerozolima
56%
PeruLima
56%
CzarnogóraPodgorica
56%
UrugwajMontevideo
54%
KosowoPrisztina
53%
EstoniaTallinn
53%
ChileSantiago
52%
KolumbiaBogota
51%
KubaHawana
51%
IslandiaReykjavík
50%
PanamaPanama
48%
TunezjaTunis
48%
WenezuelaCaracas
47%
Republika Południowej AfrykiPretoria
47%
MarokoRabat
47%
IranTeheran
47%
MaltaValletta
47%
KazachstanAstana
46%
IrakBagdad
46%
IndieNowe Delhi
45%
MongoliaUłan Bator
45%
SingapurSingapur
44%
AfganistanKabul
43%
BoliwiaSucre
43%
SenegalDakar
42%
SyriaDamaszek
42%
GruzjaTbilisi
42%
IndonezjaDżakarta
41%
Nowa ZelandiaWellington
41%
Korea PółnocnaPjongjang
39%
TajlandiaBangkok
38%
FilipinyManila
38%
EkwadorQuito
38%
Zjednoczone Emiraty ArabskieAbu Zabi
37%
ArmeniaErywań
37%
KeniaNairobi
37%
MadagaskarAntananarywa
36%
JamajkaKingston
36%
KuwejtKuwejt
36%
Arabia SaudyjskaRijad
36%
WietnamHanoi
34%
LibiaTrypolis
34%
EtiopiaAddis Abeba
33%
DżibutiDżibuti
33%
PakistanIslamabad
32%
Demokratyczna Republika KongaKinszasa
31%
MalezjaKuala Lumpur
31%
ParagwajAsunción
30%
NepalKatmandu
30%
AngolaLuanda
30%
SudanChartum
29%
BangladeszDhaka
29%
LibanBejrut
28%
GwatemalaGwatemala
28%
MalediwyMale
28%
JemenSana
27%
SalwadorSan Salvador
27%
TajwanTajpej
27%
JordaniaAmman
26%
GhanaAkra
25%
Gwinea BissauBissau
25%
SomaliaMogadiszu
25%
KirgistanBiszkek
24%
GujanaGeorgetown
24%
HaitiPort-au-Prince
24%
KostarykaSan José
24%
CzadNdżamena
23%
SurinamParamaribo
23%
Burkina FasoWagadugu
23%
NigeriaAbudża
22%
OmanMaskat
22%
DominikanaSanto Domingo
22%
LaosWientian
22%
MaliBamako
21%
BotswanaGaborone
21%
TogoLomé
21%
ZambiaLusaka
21%
KambodżaPhnom Penh
21%
UzbekistanTaszkent
21%
TanzaniaDodoma
20%
TadżykistanDuszanbe
20%
Sierra LeoneFreetown
20%
ZimbabweHarare
20%
GabonLibreville
20%
NikaraguaManagua
20%
BeninPorto-Novo
20%
HondurasTegucigalpa
20%
ErytreaAsmara
19%
KongoBrazzaville
19%
KamerunJaunde
19%
UgandaKampala
19%
BahrajnManama
19%
MozambikMaputo
19%
Trynidad i TobagoPort-of-Spain
19%
NamibiaWindhuk
19%
BelizeBelmopan
18%
Sudan PołudniowyDżuba
18%
RwandaKigali
18%
GwineaKonakry
18%
LiberiaMonrovia
18%
BahamyNassau
18%
Wyspy Świętego Tomasza i KsiążęcaSão Tomé
18%
Sri LankaSri Dźajawardanapura Kotte
18%
SeszeleVictoria
18%
TurkmenistanAszchabad
17%
GambiaBandżul
17%
Timor WschodniDili
17%
NigerNiamey
17%
Papua-Nowa GwineaPort Moresby
17%
FidżiSuva
17%
KatarAd-Dauha
16%
BruneiBandar Seri Begawan
16%
Republika ŚrodkowoafrykańskaBangi
16%
Saint Vincent i GrenadynyKingstown
16%
MalawiLilongwe
16%
MauretaniaNawakszut
16%
BhutanThimphu
16%
BurundiBużumbura
15%
Wybrzeże Kości SłoniowejJamusukro
15%
LesothoMaseru
15%
SuaziMbabane
15%
Gwinea RównikowaMalabo
14%
KomoryMoroni
14%
MauritiusPort Louis
14%
Republika Zielonego PrzylądkaPraia
14%
SamoaApia
13%
BarbadosBridgetown
13%
Antigua i BarbudaSaint John's
13%
Wyspy SalomonaHoniara
12%
Mjanma (Birma)Naypyidaw
12%
MikronezjaPalikir
12%
VanuatuPort Vila
12%
DominikaRoseau
12%
GrenadaSaint George's
12%
TuvaluVaiaku
12%
NauruYaren
12%
KiribatiBairiki
11%
TongaNuku'alofa
11%
Saint LuciaCastries
10%
Wyspy MarshallaMajuro
10%
Saint Kitts i NevisBasseterre
9%
PalauNgerulmud
9%

Rozkład punktacji

Percentyl według liczby udzielonych odpowiedzi

Procent ludzi z każdym wynikiem

Twoja historia wyników

Nie rozwiązałeś tego quizu